La glorificación de D. José Victorino Lastarria y de sus doctrinas: De la Historia del Iltmo. Sr. Salas y de su Epoca Chilena

Shranjeno v:
Bibliografske podrobnosti
Main Authors: Cruz, Domingo Benigno (Author), Rocuant Hidalgo, J. Félix (Author), Atria Molina, Jorje Octavio (Author)
Format: Knjiga
Jezik:španščina
Izdano: Santiago Imprenta Chile 1916
Izdaja:1a. ed
Teme:
Oznake: Označite
Brez oznak, prvi označite!

MARC

LEADER 00000nam a2200000 a 4500
001 UCJ4187
003 CL-VaPUC
005 20240419092201.0
008 070124e19160000CL |||||||||||||||||spa|d
999 |c 320304  |d 320302 
040 |c Pontificia Universidad Católica de Valparaíso 
082 0 4 |a 928  |b CRU  |2 21 
100 |a Cruz, Domingo Benigno  |e author  |9 507343 
245 1 3 |a La glorificación de D. José Victorino Lastarria y de sus doctrinas: De la Historia del Iltmo. Sr. Salas y de su Epoca Chilena 
246 1 0 |a Rasgos de una vida laboriosa: Boceto biográfico antecedido de un proemio de J. Félix Rocuant H. 
250 |a 1a. ed 
260 |a Santiago  |b Imprenta Chile  |c 1916 
300 |a pág. irreg 
500 |a Dos obras de diferente tema empastadas en un volumen; los datos corresponden a la portada del primero de ellos, relativo a Lastarria. El libro dedicado a Pedro P. Figueroa incluye una relación de los escritos publicados por éste 
583 |a last modification  |c 20070124 00:00:00  |k Rodrigo Vera 
600 0 7 |a EASTMAN, ADOLFO  |2 CL-VaPUC  |9 504704 
600 0 |a Vicuña, Claudio  |9 315375 
600 0 |a Comte, Auguste  |9 334591 
600 0 7 |a FIGUEROA, PEDRO PABLO  |2 CL-VaPUC  |9 504749 
600 0 |a Lastarria, José Victorino  |d 1817-1888  |9 860079 
650 0 |a Biografías  |9 255210 
650 0 |a Positivismo  |9 269460 
650 0 |a Laicismo  |9 313856 
650 0 |a Bibliografías   |9 257071 
650 0 |a Historiografía   |9 257871 
650 0 |a Ética  |9 255099 
651 7 |a CHILE  |2 CL-VaPUC  |9 507346 
700 0 |a Rocuant Hidalgo, J. Félix  |e author  |9 507344 
700 0 |a Atria Molina, Jorje Octavio  |e author  |9 507345 
852 |a BIBCUR 
942 |c BK  |2 ddc 
945 |d 20070124 00:00:00  |a rinostro 
952 |0 0  |1 0  |4 0  |6 928_000000000000000_CRU_1916  |7 0  |8 X  |9 398800  |a FDOBUD  |b FDOBUD  |d 2019-11-22  |i 1015001  |o 928 CRU 1916  |p 1015001  |r 2019-11-22  |w 2019-11-22  |y BK_X  |k BUD